Kapitoly o znalostnej spoločnosti

Enregistré dans:
Détails bibliographiques
Auteur principal: Kelemen, Jozef (Auteur)
Format: Livre
Langue:slovaque
Publié: Bratislava : Iura Edition, 2008
Sujets:
Accès en ligne:OBSAH
Tags: Ajouter un tag
Pas de tags, Soyez le premier à ajouter un tag!

MARC

LEADER 00000nam a22000003a 4500
001 stu179046
005 20150617230047.1
008 090202s2008----xo------------------slo-d
020 |a 978-80-8078-209-2 
040 |a STU  |b slo 
041 0 |a slo 
044 |a xo 
080 |a 316 
080 |a 65 
080 |a 004.8 
100 1 |a Kelemen, Jozef  |4 aut  |9 12  |X 71129  |7 71129 
242 0 0 |a Knowledge Society  |y eng 
245 1 |a Kapitoly o znalostnej spoločnosti 
260 |a Bratislava :  |b Iura Edition,  |c 2008 
300 |a 290 s 
650 7 |a umelá inteligencia  |2 stusub 
650 7 |a znalostná spoločnosť  |2 stusub 
650 7 |a knowledge society  |2 stusub 
650 7 |a informačné technológie  |2 stusub 
650 7 |a znalostná ekonomika  |2 stusub 
856 4 |a https://sweb.mtf.stuba.sk/obsahy/kapitoly_o_znalostnej_spolocnosti_08.pdf  |u https://sweb.mtf.stuba.sk/obsahy/kapitoly_o_znalostnej_spolocnosti_08.pdf  |3 OBSAH 
996 |b 284M078016  |c M*12700-1  |l MMKN  |s A  |a 24  |w stu179046_0001 
996 |b 284M078017  |c M*12700-2  |l MMKN  |s A  |a 24  |w stu179046_0002